Management and entrepreneurship / (Record no. 1683)
[ view plain ]
| 000 -LEADER | |
|---|---|
| fixed length control field | 00734nam a22002292 4500 |
| 001 - CONTROL NUMBER | |
| control field | 0000021112 |
| 005 - DATE AND TIME OF LATEST TRANSACTION | |
| control field | 20151021152607.0 |
| 008 - FIXED-LENGTH DATA ELEMENTS--GENERAL INFORMATION | |
| fixed length control field | 120111s xx 000 0 eng d |
| 020 ## - INTERNATIONAL STANDARD BOOK NUMBER | |
| International Standard Book Number | 8122426021 : |
| 040 ## - CATALOGING SOURCE | |
| Original cataloging agency | KABU |
| Transcribing agency | KABU |
| 100 1# - MAIN ENTRY--PERSONAL NAME | |
| Personal name | Havinal, Veerabhadrappa. |
| -- | 0000181792 |
| 245 10 - TITLE STATEMENT | |
| Title | Management and entrepreneurship / |
| Statement of responsibility, etc. | Veerabhadrappa Havinal. |
| 250 ## - EDITION STATEMENT | |
| Edition statement | 1st ed. |
| 260 ## - PUBLICATION, DISTRIBUTION, ETC. (IMPRINT) | |
| Place of publication, distribution, etc. | New Delhi : |
| Name of publisher, distributor, etc. | New Age, |
| Date of publication, distribution, etc. | 2009. |
| 300 ## - PHYSICAL DESCRIPTION | |
| Extent | xii, 182 p. |
| 650 #0 - SUBJECT ADDED ENTRY--TOPICAL TERM | |
| Topical term or geographic name as entry element | Management. |
| -- | 0000083920 |
| 650 #0 - SUBJECT ADDED ENTRY--TOPICAL TERM | |
| Topical term or geographic name as entry element | Entrepreneurship. |
| -- | 0000148283 |
| 852 1# - LOCATION | |
| -- | p525 KES |
| 852 1# - LOCATION | |
| -- | p525 KES |
| 908 ## - PUT COMMAND PARAMETER (RLIN) | |
| Put command parameter | 120111 |
| 950 ## - LOCAL HOLDINGS (RLIN) | |
| -- | 1 |
| Withdrawn status | Lost status | Source of classification or shelving scheme | Damaged status | Not for loan | Home library | Current library | Date acquired | Total Checkouts | Full call number | Barcode | Date last seen | Date last checked out | Price effective from | Koha item type | Copy number |
|---|---|---|---|---|---|---|---|---|---|---|---|---|---|---|---|
| Library of Congress Classification | Kabarak, Main Campus | Kabarak, Main Campus | 21/10/2015 | 3 | HD31 .H38 2009 c. 1 | 20256 | 02/08/2024 | 21/02/2020 | 21/10/2015 | General Collection | c.1 | ||||
| Lost | Library of Congress Classification | Kabarak, Nairobi City Campus | Kabarak, Nairobi City Campus | 21/10/2015 | 1 | HD31 .H38 2009 c. 1 | 20253 | 25/01/2016 | 25/01/2016 | 21/10/2015 | General Collection |